000 00992nam a2200301Ia 4500
005 20220317001450.0
008 161108s2004 sp a g 000 0 s
020 _a9788484881728
020 _a8484881725
100 1 _aLach, William
245 1 0 _aCon amor de bebé
_cWilliam Lach ; obras de Mary Cassatt
250 _a1a. edición
300 _a[36] páginas
_bilustraciones en color
_c23 cm
534 _tBaby loves
650 1 4 _2LEMB
_aAlbumen infantiles estadounidenses
650 1 4 _2LEMB
_aLiteratura infantil estadounidense
650 1 4 _2LEMB
_aLibros ilustrados para niños
650 1 4 _2LEMB
_aDesarrollo infantil en la literatura
700 1 _aCassatt, Mary
_d1844-1926
_973591
700 1 _aCassatt, Mary
_d1844-1926
_973591
942 _2loc
_cBKLIT
264 _aBarcelona
_bSerres
_c2004
336 _atexto
_btxt
_2rdacontent
337 _asin mediación
_bn
_2rdamedia
338 _avolumen
_bnc
_2rdacarrier
040 _aCO-BoRNBP
_bspa
_erda
_cCO-BoRNBP
084 _aA LAC3
999 _c7060
_d7060